| 000 | 00746nam a2200241 i 4500 | ||
|---|---|---|---|
| 001 | 63633 | ||
| 003 | ES-MaACL | ||
| 005 | 20250819165550.0 | ||
| 007 | t| | ||
| 008 | 031215s1973 sp ||||1| spa d | ||
| 080 | _a321.17 | ||
| 245 | 0 | 3 |
_aEl feudalismo / _cCh. Parain ... [et al.] ; prólogo de de Julio Valdeón ; [traductores, María Lourdes Ortiz y Jesús Munarriz]. |
| 250 | _a2ª ed. | ||
| 260 |
_a[Madrid] : _bAyuso, _c1973. |
||
| 300 |
_a375 p. ; _c21 cm. |
||
| 650 | 7 |
_aFeudalismo _2embne _912768 |
|
| 700 | 1 |
_aParain, Charles. _9156692 |
|
| 700 | 1 |
_aOrtiz, María Lourdes. _987568 |
|
| 700 | 1 |
_aMunárriz, Jesús. _984170 |
|
| 700 | 1 |
_aValdeón Baruque, Julio. _9112487 |
|
| 852 |
_aES-MaACL _jE-8365 |
||
| 999 |
_c63633 _d63633 |
||